|
|
|
|
| LEADER |
00000nas a2200000 a 4500 |
| 001 |
ssj0000493376 |
| 003 |
WaSeSS |
| 005 |
20200512172242.0 |
| 006 |
m d |
| 007 |
cr n |
| 008 |
110224c20109999gw x p s 0 0eng c |
| 010 |
|
|
|a 2011268513
|
| 016 |
7 |
|
|a 2600738-1
|2 DE-600
|
| 022 |
|
|
|a 2190-8265
|l 1869-4942
|
| 035 |
|
|
|a (WaSeSS)ssj0000493376
|
| 037 |
|
|
|a 22573/ctt83k1vc
|b JSTOR
|
| 040 |
|
|
|a HNK
|b eng
|e pn
|c HNK
|d HEBIS
|d SERSO
|d CLU
|d OCLCQ
|d OCLCF
|d FIE
|d OCLCQ
|d VGL
|d TEF
|d UKBOL
|d BECOE
|d AU@
|d VT2
|d UUM
|d NTG
|d CUS
|d WaSeSS
|
| 042 |
|
|
|a pcc
|
| 050 |
1 |
4 |
|a K3981.A15
|
| 082 |
0 |
4 |
|a 346.04679
|2 23
|
| 210 |
0 |
|
|a Renew. energy law policy rev.
|b (Internet)
|
| 222 |
|
0 |
|a Renewable energy law and policy review
|b (Internet)
|
| 245 |
0 |
0 |
|a Renewable energy law and policy review
|h [electronic resource].
|
| 246 |
3 |
|
|a RELP
|
| 246 |
3 |
|
|a Renewable energy law and policy
|
| 246 |
3 |
|
|a Renewable energy l. & pol'y rev
|
| 260 |
|
|
|a Berlin, Germany :
|b Lexxion Verlagsgesellschaft mbH
|
| 310 |
|
|
|a Irregular
|
| 362 |
1 |
|
|a Began with 2010, issue 1.
|
| 506 |
|
|
|a License restrictions may limit access.
|
| 515 |
|
|
|a 2010, issue 1 also called inaugural issue.
|
| 515 |
|
|
|a Numbering begins each year with issue 1.
|
| 588 |
|
|
|a Description based on: 2010, issue 1; title from journal home page (publisher's Web site, viewed on Feb. 7, 2012).
|
| 588 |
|
|
|a Latest issue consulted: 2011, issue 3 (publisher's Web site, viewed on Feb. 7, 2012).
|
| 650 |
|
0 |
|a Renewable energy sources
|x Law and legislation
|v Periodicals.
|
| 650 |
|
7 |
|a Renewable energy sources
|x Law and legislation.
|2 fast
|0 (OCoLC)fst01094586
|
| 653 |
|
|
|a Law
|
| 655 |
|
0 |
|a Electronic journals.
|
| 776 |
0 |
8 |
|i Print version:
|t Renewable energy law and policy review
|x 1869-4942
|w (OCoLC)994298816
|
| 856 |
4 |
0 |
|z Full text available from Research Library: 01/01/2010 to 1 year ago
|u https://search.proquest.com/publication/136205
|